Fundamentals of occupational safety and health / (Record no. 16029)

MARC details
000 -LEADER
fixed length control field 00824nam a22002297a 4500
003 - CONTROL NUMBER IDENTIFIER
control field OSt
005 - DATE AND TIME OF LATEST TRANSACTION
control field 20260626023547.0
008 - FIXED-LENGTH DATA ELEMENTS--GENERAL INFORMATION
fixed length control field 260626t2018 |||||||| |||| 001 | eng d
020 ## - INTERNATIONAL STANDARD BOOK NUMBER
International Standard Book Number 9781598889826
040 ## - CATALOGING SOURCE
Transcribing agency JMCFI - Learning Resource Center
082 ## - DEWEY DECIMAL CLASSIFICATION NUMBER
Classification number F.P./Ed. 363.110973 F911 2018
100 ## - MAIN ENTRY--PERSONAL NAME
Personal name Friend, Mark A
9 (RLIN) 47989
245 ## - TITLE STATEMENT
Title Fundamentals of occupational safety and health /
Statement of responsibility, etc. Mark A. Friend and James P. Kohn.
250 ## - EDITION STATEMENT
Edition statement Seventh edition.
260 ## - PUBLICATION, DISTRIBUTION, ETC.
Place of publication, distribution, etc. Lanham :
Name of publisher, distributor, etc. Bernan Press,
Date of publication, distribution, etc. 2018.
300 ## - PHYSICAL DESCRIPTION
Extent xxx, 585 pages :
Other physical details black and white, illus. ;
Dimensions 23 cm
500 ## - GENERAL NOTE
General note Includes bibliographical references and indexes.
650 ## - SUBJECT ADDED ENTRY--TOPICAL TERM
Topical term or geographic name entry element Industrial safety
Geographic subdivision United States.
9 (RLIN) 47990
650 ## - SUBJECT ADDED ENTRY--TOPICAL TERM
Topical term or geographic name entry element Industrial hygiene
Geographic subdivision United States.
9 (RLIN) 47991
700 ## - ADDED ENTRY--PERSONAL NAME
Personal name Kohn, James P
9 (RLIN) 47992
942 ## - ADDED ENTRY ELEMENTS (KOHA)
Source of classification or shelving scheme Dewey Decimal Classification
Koha item type Books
Edition Seventh edition
Suppress in OPAC No
Holdings
Withdrawn status Lost status Source of classification or shelving scheme Damaged status Not for loan Home library Current library Shelving location Date acquired Total Checkouts Full call number Barcode Date last seen Copy number Price effective from Koha item type
    Dewey Decimal Classification     LRC - College (Main) LRC - College (Main) Foreign Publications - Education 06/25/2026   F.P./Ed. 363.110973 F911 2018 00010544 06/26/2026 1 06/26/2026 Books